000 00605nam a2200193Ia 4500
005 20260601193252.0
008 260601s9999||||xx |||||||||||||| ||und||
020 _a978-981-97-5603-2
_qebk
100 _aDe-Shuang Huang
245 0 _aAdvanced Intelligent Computing Technology and Applications
250 _a2024
260 _aHeidelberg, Germany
_bSpringer Nature
_c2024
440 _aLecture Notes in Computer Science
650 _aComputer Science
700 _aWei Chen
700 _aYijie Pan
856 _uhttps://link.springer.com/openurl?genre=book&isbn=978-981-97-5603-2
942 _cEB
_2ddc
999 _c56744
_d56744